| 000 | 00592nam a2200145 i 4500 | ||
|---|---|---|---|
| 001 | 6071 | ||
| 003 | ES-MaACL | ||
| 005 | 20230906144802.0 | ||
| 008 | 200915s1880 sp ||||1| spa d | ||
| 245 | 0 | 3 |
_aLa filoxera en el Ampurdán _b: Bases de organización de los Sindicatos y de la Comisión Central. Plan de defensa. Exposición elevada al Gobierno y contestación al Manifiesto del Instituto Agrícola Catalán de San Isidro Mariano Alegret. |
| 260 |
_aFigueras : _b[s.n., _c1880] |
||
| 300 |
_a24 p. ; _c25 cm. |
||
| 650 | 4 |
_aFiloxera- _zAmpurdán. _9170322 |
|
| 852 |
_aES-MaACL _jT-679-F-13 |
||
| 999 |
_c6071 _d6071 |
||